000 00882nam a2200241 a 4500
001 73762
003 BD-RjUL
005 20211209082437.0
008 170608s1973 bg |||| |||| 000 0 ben d
035 _a(BD-RjUL)73980
040 _aBD-RjUL
_bben
_cBD-RjUL
_dBD-RjUL
041 _aben
082 _223
_a346.07
_bALB 1973
100 1 _aআলী, এম. এইচ
_9218365
245 1 0 _aবাণিজ্যিক আইন /
_cএম. এইচ আলী এবং মো: আনসার উদ্দীন
246 _b৩য় সং.
260 _aঢাকা :
_bস্থান চিহ্নিত নয়,
_c১৯৭৩
300 _a৬৫০ পৃ. ;
_c১৮ সেমি.
650 _aবাণিজ্যিক আইন
_9218366
650 _aCommercial law
_9218367
700 1 _aউদ্দীন, মো: আনসার
_9218368
942 _2ddc
_cBK
999 _c73762
_d73762